Sports Quiz

Random Sports or MLB Quiz

MLB Rookies of the Year (NL) Quiz Stats

 Plays Quiz Updated Jan 20, 2019

Score 0/70 Timer 10:00
1 Play Today
Year Player % Correct
2015Kris Bryant
80.6%
2012Bryce Harper
79.2%
2005Ryan Howard
73.1%
2017Cody Bellinger
72.6%
1960Frank Howard
71.9%
2007Ryan Braun
70.6%
2018Ronald Acuña Jr.
68.8%
2016Corey Seager
65.2%
2001Albert Pujols
63.1%
1956Frank Robinson
62%
2006Hanley Ramirez
60%
2013Jose Fernandez
56.5%
2014Jacob deGrom
55.2%
1993Mike Piazza
51.7%
1991Jeff Bagwell
51.1%
2008Geovany Soto
48.4%
1984Dwight Gooden
48.3%
2010Buster Posey
46.8%
1983Darryl Strawberry
46.7%
1951Willie Mays
46.6%
1963Pete Rose
41.5%
1981Fernando Valenzuela
40.9%
2004Jason Bay
40%
1995Hideo Nomo
38.3%
2011Craig Kimbrel
38.3%
1977Andre Dawson
37.8%
1992Eric Karros
37.8%
1968Johnny Bench
37.4%
1998Kerry Wood
36%
2003Dontrelle Willis
35.7%
1967Tom Seaver
35.5%
1959Willie McCovey
35%
1961Billy Williams
31.9%
1971Earl Williams
31.8%
1994Raul Mondesi
29.5%
Year Player % Correct
1985Vince Coleman
28.4%
1982Steve Sax
26.9%
1996Todd Hollandsworth
26.4%
1988Chris Sabo
25.5%
1990Dave Justice
25.4%
1997Scott Rolen
24.1%
2000Rafael Furcal
22.6%
2009Chris Coghlan
20.1%
1989Jerome Walton
20.1%
1958Orlando Cepeda
19.8%
1978Bob Horner
19.5%
1949Don Newcombe
18.8%
1987Benito Santiago
16.3%
1964Richie Allen
15.2%
1980Steve Howe
14.7%
1986Todd Worrell
13.9%
2002Jason Jennings
13.3%
1979Rick Sutcliffe
13.2%
1999Scott Williamson
11.7%
1972Jon Matlack
10.8%
1973Gary Matthews
10.5%
1975John Montefusco
10.2%
1962Ken Hubbs
8.6%
1952Joe Black
8.5%
1953Jim Gilliam
8.3%
1976Butch Metzger & Pat Zachry
8.2%
1974Bake McBride
7.8%
1966Tommy Helms
6.9%
1969Ted Sizemore
6.8%
1954Wally Moon
6.2%
1965Jim Lefebvre
6.1%
1970Carl Morton
6.1%
1950Sam Jethroe
4.8%
1955Bill Virdon
4.6%
1957Jack Sanford
4.1%

You're not logged in!

Compare scores with friends on all Sporcle quizzes.
OR
Log In

Sporcle TV

Today on Sporcle TV


Watch our educational content, quiz creation guides, and fun videos on Sporcle TV.

Show Comments

Extras

Top Quizzes Today


Score Distribution

Your Account Isn't Verified!

In order to create a playlist on Sporcle, you need to verify the email address you used during registration. Go to your Sporcle Settings to finish the process.

Report this User

Report this user for behavior that violates our Community Guidelines.

Details: